| 000 | 01280cam a2200361 a 4500 | ||
|---|---|---|---|
| 001 | 11939714 | ||
| 003 | OSt | ||
| 005 | 20260429151632.0 | ||
| 008 | 000313s1999 gw a b 000 0 eng | ||
| 010 | _a 00265471 | ||
| 020 | _a3822870218 | ||
| 020 | _a9783822837566 | ||
| 035 | _a11939714 | ||
| 040 |
_aDLC _cFoundation University |
||
| 043 | _an-us--- | ||
| 050 | 0 | 0 |
_aN 6494.P6 _bO88 2011 |
| 100 | 1 |
_aOsterwold, Tilman. _915768 |
|
| 245 | 1 | 0 |
_aPop art / _cTilman Osterwold. |
| 250 | _a[2nd ed.] | ||
| 260 |
_aKöln ; _aNew York : _bTaschen, _cc2011 |
||
| 264 | _42011 | ||
| 300 |
_a239, [1] p. : _bill. (some col.) ; _c31 cm. _3books _fbooks |
||
| 336 |
_atext _btxt _2rdacontent _3books |
||
| 337 |
_aunmediated _bn _2rdamedia _3books |
||
| 338 |
_avolume _bnc _2rdacarrier _3books |
||
| 504 | _aIncludes bibliographical references (p. [240]). | ||
| 650 | 0 |
_aPop art _zUnited States. _915769 |
|
| 650 | 0 |
_aArt, American _y20th century. _912594 |
|
| 906 |
_a7 _bcbc _corigcop _d2 _encip _f20 _gy-gencatlg |
||
| 942 |
_2lcc _cBK _hN 6494.P6 _i2011 O88 _k(DAFA-FA) |
||
| 999 |
_c5837 _d5837 |
||